| 000 | 00791nam a22002177a 4500 | ||
|---|---|---|---|
| 999 |
_c7644 _d7644 |
||
| 003 | AR-CdUCM | ||
| 008 | 190321b ||||| |||| 00| 0 spa d | ||
| 040 |
_aMUNICIPALIDAD PROVINCIAL DEL CUSCO _cBIBLIOTECA MUNICIPAL DEL CUSCO |
||
| 082 |
_a616./ _bD27 |
||
| 100 |
_aDaza Vera, Esther _921584 |
||
| 245 | _aTuberculosis / | ||
| 260 |
_aCusco : _bImprenta Offset, _c1995. |
||
| 300 |
_a67 paginas ; _bIlustraciones, cuadros, _c20 cm. |
||
| 505 | _aContenido : Epidemiologia de la tuberculosis -- Patogenia -- Inmunidad -- Historia natural de la enfermedad -- Localización de casos y diagnostico... | ||
| 650 |
_aTuberculosis _921585 |
||
| 650 |
_aEnfermedades _95611 |
||
| 650 |
_aEpidemiologia _921586 |
||
| 700 |
_aCalvo Cajigas, Antonia _921587 |
||
| 942 |
_2ddc _cLIBROS |
||
| 945 | _awnts | ||